|
|
|
|
| LEADER |
00000nab a2200000 a 4500 |
| 001 |
vtls010810185 |
| 003 |
SK-MaSNL |
| 005 |
20260318124859.0 |
| 008 |
150806|2015 xo i| 000 0|hun |
| 015 |
|
|
|a SNBRB2015/08
|
| 038 |
|
|
|a DSZK
|
| 040 |
|
|
|a DSZK
|b slo
|c DSZK
|e AACR2
|
| 041 |
0 |
|
|a hun
|
| 044 |
|
|
|a xo
|c SK
|
| 080 |
|
|
|a 78.036.071.2
|x (437.612)
|2 2001
|
| 245 |
0 |
0 |
|a Tas vezér Somorjáról
|c [szerző] B.J., Kovács Koppány
|
| 300 |
|
|
|b Fotogr.
|
| 600 |
1 |
7 |
|a Kovács, Koppány,
|d 1977-
|2 dszk
|9 1294896
|
| 610 |
2 |
7 |
|a Magyar Lovas Színház (Komárom, Maďarsko)
|2 dszk
|9 1296583
|
| 630 |
0 |
7 |
|a A hét vezér (rocková opera)
|2 dszk
|9 1296584
|
| 650 |
0 |
7 |
|a rockoví hudobníci
|2 SNKPH
|9 68082
|
| 651 |
|
7 |
|a Šamorín (Slovensko)
|2 SNKPHgeo
|9 28925
|
| 651 |
|
7 |
|a Komárom (Maďarsko)
|2 SNKPHgeo
|9 74363
|
| 700 |
1 |
|
|a Kovács, Koppány,
|d 1977-
|4 ive
|4 aut
|9 1294896
|
| 773 |
0 |
|
|t Szabad újság
|g Évf. XXII, sz. 62-63 (2015), o. 27
|x 1335-6631
|
| 852 |
|
|
|a DSZK
|b KIS3GCP
|
| 958 |
|
|
|a HU
|
| 958 |
|
|
|a SK
|
| 999 |
|
|
|c 2590954
|d 2592884
|